| 000 | 01021 a2200253 4500 | ||
|---|---|---|---|
| 001 | 15185 | ||
| 005 | 20260407155449.0 | ||
| 008 | 260407a2007 arg spa d | ||
| 003 | AR-UNSa-BCEJYS | ||
| 040 |
_aAR-UNSa-BCEJYS _bspa _cAR-UNSa-BCEJYS |
||
| 080 |
_a004.738.52 _xUtilidades para búsqueda en Internet. Worldwide Web (WWW) |
||
| 245 | 1 | 0 |
_aEl modelo google _puna revolución administrativa |
| 020 | _a978-958-45-0384-8 | ||
| 264 | 1 |
_aBogotá : _bGrupo Editorial Norma _c2007 |
|
| 300 |
_a306 p. _c23 cm. |
||
| 505 | _a1. Una aventura industrial fuera de lo común - 2. Un motor de fórmula I - 3. "Preocupese por los usuarios, y todo lo demás vendrá por sí solo" - 4. Retos y apuestas - 5. Una huella duradera | ||
| 942 | _cBK | ||
| 590 | _aniveau_biblio:m niveau_hierar:0 | ||
| 100 | 1 | _aGirard, Bernard | |
| 700 | 1 | _aMeléndez, Esperanza | |
| 650 | _aGOOGLE | ||
| 856 | 4 | 1 |
_uhttps://biblioeco.unsa.edu.ar/pmb/images/libros/El modelo google-l118990.jpg _yImagen de portada _qimage/jpeg |
| 650 | _a google | ||
| 999 |
_c633 _d633 |
||